La Vaca lletera / per M. Rossell i Vilà...
Descripción Física:
12 p. ; 21 cm
Materias:
Bestiar lleter
MARC
| LEADER | 00000nam a2200000Ia 4500 | ||
|---|---|---|---|
| 001 | 2210 | ||
| 008 | 160829s9999 xx 000 0 cat d | ||
| 080 | |a RF-1-2 | ||
| 100 | |a Rossell i Vilar, Pere Màrtir |9 29189 | ||
| 245 | |a La Vaca lletera / per M. Rossell i Vilà... | ||
| 260 | |a Barcelona : |b Mancomunitat de Catalunya, Serveis Tècnics d'Agricultura, [192 - ?] | ||
| 300 | |a 12 p. ; |c 21 cm | ||
| 490 | |a Publicacions divulgadores dels Serveis Tècnics d'Agricultura ; 17 | ||
| 590 | |a Hi ha un duplicat a: DUP-250 | ||
| 650 | |a Bestiar lleter |9 29192 | ||
| 710 | 1 | |a Catalunya. |b Mancomunitat. |b Serveis Tècnics d'Agricultura |9 54615 | |
| 856 | 4 | |u https://media.diba.cat/diba/fitxers/arxiu/fulletons/bib_2210_baixa.pdf |y Accés lliure | |
| 856 | 4 | |u https://media.diba.cat/diba/fitxers/arxiu/fulletons/bib_2210_baixa.pdf |y Accés lliure | |
| 901 | |a Arxiu | ||
| 942 | |n 1 |2 udc | ||
| 952 | |0 0 |1 0 |4 0 |6 RF12 |7 1 |9 45400 |a Arxiu |b Arxiu |d 2016-12-01 |l 0 |o RF-1-2 |p 2210 |r 2016-12-01 00:00:00 |w 2016-12-01 |y ARXIU | ||
| 999 | |c 48506 |d 48506 | ||
| 900 | |a bib_2210_baixa.pdf | ||